Vijayada sangati. (Record no. 114257)
[ view plain ]
| 000 -LEADER | |
|---|---|
| fixed length control field | 01673nam a2200229Ia 4500 |
| 003 - CONTROL NUMBER IDENTIFIER | |
| control field | OSt |
| 005 - DATE AND TIME OF LATEST TRANSACTION | |
| control field | 20250127093658.0 |
| 008 - FIXED-LENGTH DATA ELEMENTS--GENERAL INFORMATION | |
| fixed length control field | 210210b2000 xxu||||| |||| 00| 0 eng d |
| 040 ## - CATALOGING SOURCE | |
| Transcribing agency | AL |
| 041 ## - LANGUAGE CODE | |
| Language code of text/sound track or separate title | Kannada |
| 082 ## - DEWEY DECIMAL CLASSIFICATION NUMBER | |
| Classification number | 158.1K YANV |
| 100 ## - MAIN ENTRY--PERSONAL NAME | |
| Personal name | YANDAMURI VIRENDRANATH. |
| Dates associated with a name | ಯಂಡಮೂರಿ ವೀರೇಂದ್ರನಾಥ್ |
| 9 (RLIN) | 195521 |
| 245 ## - TITLE STATEMENT | |
| Title | Vijayada sangati. |
| Remainder of title | ವಿಜಯದ ಸಂಗಾತಿ |
| 260 ## - PUBLICATION, DISTRIBUTION, ETC. | |
| Place of publication, distribution, etc. | Vijayavada |
| Name of publisher, distributor, etc. | Navasahiti Book House |
| Date of publication, distribution, etc. | 2000 |
| 300 ## - PHYSICAL DESCRIPTION | |
| Extent | 378 |
| 520 ## - SUMMARY, ETC. | |
| Summary, etc. | ದಾಂಪತ್ಯದಲ್ಲಿ ವಿರಸ ಮೂಡುವುದು ಸಹಜವಾದರೂ ಅದು ಹೆಚ್ಚು ಹೊತ್ತು ಇದ್ದಷ್ಟು ಬಿರುಕು ಹೆಚ್ಚಾಗುತ್ತಲೇ ಇರುತ್ತದೆ. ಹಾಗಾಗಿ ಗಂಡ ಹೆಂಡತಿಯರ ಮಧ್ಯೆ ಹೇಗೆ ಅನ್ಯೋನ್ಯತೆ ಸಾಧಿಸಬೇಕು? ಭಿನ್ನಾಭಿಪ್ರಾಯಗಳಿಲ್ಲದೇ ಸಂಸಾರವನ್ನು ಸರಿದೂಗಿಸಿಕೊಂಡು ಹೋಗುವುದು-ಪ್ರೀತಿಯನ್ನು ಸಂಪಾದಿಸುವ ಹಲವು ಮಾರ್ಗಗಳನ್ನು ಲೇಖಕ ಯಂಡಮೂರಿ ವೀರೇಂದ್ರನಾಥರು ಇಲ್ಲಿ ಚರ್ಚಿಸಿದ್ದಾರೆ. ಅಷ್ಟೇ ಸಮರ್ಥವಾಗಿ ಕನ್ನಡಕ್ಕೆ ಅನುವಾದಿಸಿದ್ದಾರೆ ರಾಜಾ ಚೆಂಡೂರ್. |
| 650 ## - SUBJECT ADDED ENTRY--TOPICAL TERM | |
| Topical term or geographic name entry element | Jivanadalli yashassu |
| 9 (RLIN) | 195522 |
| 690 ## - LOCAL SUBJECT ADDED ENTRY--TOPICAL TERM (OCLC, RLIN) | |
| Topical term or geographic name as entry element | Applied Psychology |
| 9 (RLIN) | 195523 |
| 700 ## - ADDED ENTRY--PERSONAL NAME | |
| Personal name | Raja Chenduru |
| Dates associated with a name | ರಾಜಾ ಚೆಂಡೂರ್. |
| 9 (RLIN) | 195528 |
| 906 ## - LOCAL DATA ELEMENT F, LDF (RLIN) | |
| a | SG03452 |
| 942 ## - ADDED ENTRY ELEMENTS (KOHA) | |
| Source of classification or shelving scheme | Dewey Decimal Classification |
| Koha item type | Book |
| Withdrawn status | Lost status | Source of classification or shelving scheme | Damaged status | Not for loan | Collection code | Home library | Current library | Date acquired | Source of acquisition | Cost, normal purchase price | Total Checkouts | Full call number | Barcode | Date last seen | Date last checked out | Price effective from | Koha item type |
|---|---|---|---|---|---|---|---|---|---|---|---|---|---|---|---|---|---|
| Dewey Decimal Classification | Kannada | St Aloysius Library | St Aloysius Library | 02/17/2021 | Athree Book Centre, Mangalore-01. | 150.00 | 1 | 158.1K YANV | SG03452 | 03/10/2025 | 02/27/2025 | 02/17/2021 | Special Grants |